Reajuste de precios (Registro nro. 23393)

Detalles MARC
000 -LEADER
fixed length control field 00319 a2200109 4500
001 - CONTROL NUMBER
control field ART_8399
005 - DATE AND TIME OF LATEST TRANSACTION
control field 20260410161833.0
008 - FIXED-LENGTH DATA ELEMENTS--GENERAL INFORMATION
fixed length control field 260409a
100 1# - MAIN ENTRY--PERSONAL NAME
Personal name Pérez, Carlos Alberto
245 10 - TITLE STATEMENT
Title Reajuste de precios
773 0# - HOST ITEM ENTRY
Title Contabilidad y administración
Related parts - Año 2, Nº 23 (may. 1979)
Record control number REV5485

No hay ítems disponibles.